India`s North-Eastern region. : (Record no. 1028)

MARC details
000 -LEADER
fixed length control field 00599cam a2200205ua 4500
001 - CONTROL NUMBER
control field 1113
005 - DATE AND TIME OF LATEST TRANSACTION
control field 20260515113259.0
008 - FIXED-LENGTH DATA ELEMENTS--GENERAL INFORMATION
fixed length control field 110428n ii |||gr||||Z||||||eng
020 ## - INTERNATIONAL STANDARD BOOK NUMBER
International Standard Book Number 81-7304-777-4
040 ## - CATALOGING SOURCE
Transcribing agency MAIN
082 ## - DEWEY DECIMAL CLASSIFICATION NUMBER
Classification number 320.95416
245 1# - TITLE STATEMENT
Title India`s North-Eastern region. :
Remainder of title Insurgency, economic developement and linages with south east Asia. /
Statement of responsibility, etc. By Nishlal N Pandey.
250 ## - EDITION STATEMENT
Edition statement 1st.
260 ## - PUBLICATION, DISTRIBUTION, ETC.
Place of publication, distribution, etc. New Delhi.:
Name of publisher, distributor, etc. iSAS,
Date of publication, distribution, etc. 2008.
300 ## - PHYSICAL DESCRIPTION
Extent 117 p.:5 cm.
653 ## - INDEX TERM--UNCONTROLLED
Uncontrolled term Political science.
653 ## - INDEX TERM--UNCONTROLLED
Uncontrolled term India`s North Eastern region.
700 1# - ADDED ENTRY--PERSONAL NAME
Personal name Pandey, Nishchal N.,
942 ## - ADDED ENTRY ELEMENTS (KOHA)
Koha item type Books
Holdings
Withdrawn status Lost status Damaged status Not for loan Home library Current library Shelving location Date acquired Total checkouts Full call number Barcode Date last seen Copy number Price effective from Koha item type
        Naharkatiya College Library Naharkatiya College Library General stacks 09/19/2020   320.95416 | PAN 17434 09/19/2020 1 09/19/2020 Books